Viaje a las regiones equinocciales del nuevo continente

Salvato in:
Dettagli Bibliografici
Autore principale: Humboldt, Alexander von (Autore)
Natura: Libro
Lingua:spagnolo
Pubblicazione: Caracas Monte Avila 1991
Edizione:2a. ed
Soggetti:
Tags: Aggiungi Tag
Nessun Tag, puoi essere il primo ad aggiungerne!!

MARC

LEADER 00000nam a2200000 a 4500
001 UCV9757
003 CL-VaPUC
008 930427e19910000VE |||||||||||||||||spa|d
082 0 4 |a 910.4  |b HUM  |2 21 
100 0 |a Humboldt, Alexander von  |e author  |9 268688 
245 1 0 |a Viaje a las regiones equinocciales del nuevo continente 
250 |a 2a. ed 
300 |a 5 v 
942 |c BK 
945 |d 19930427 00:00:00  |a aalvarez 
260 |a Caracas  |b Monte Avila  |c 1991 
600 0 7 |a HUMBOLDT, ALEXANDER VON  |2 CL-VaPUC  |9 268688 
650 0 |a Viajes  |9 257115 
583 |a last modification  |c 19930427 00:00:00  |k Rodrigo Vera 
999 |c 215057  |d 215055 
952 |0 0  |1 0  |4 0  |6 910_400000000000000_HUM_1991  |7 0  |8 P  |9 198984  |a BIBARQ  |b BIBARQ  |d 2019-11-14  |h v.1  |i 2663139  |o 910.4 HUM 1991  |p 2663139  |r 2025-01-20  |w 2019-11-14  |y BK  |k ARQ 
952 |0 0  |1 0  |4 0  |6 910_400000000000000_HUM_1991  |7 0  |8 P  |9 198985  |a BIBARQ  |b BIBARQ  |d 2019-11-14  |h v.2  |i 2663147  |o 910.4 HUM 1991  |p 2663147  |r 2025-01-20  |w 2019-11-14  |y BK  |k ARQ 
952 |0 0  |1 0  |4 0  |6 910_400000000000000_HUM_1991  |7 0  |8 P  |9 198986  |a BIBARQ  |b BIBARQ  |d 2019-11-14  |h v.3  |i 2663155  |o 910.4 HUM 1991  |p 2663155  |r 2025-01-20  |w 2019-11-14  |y BK  |k ARQ 
952 |0 0  |1 0  |4 0  |6 910_400000000000000_HUM_1991  |7 0  |8 P  |9 198987  |a BIBARQ  |b BIBARQ  |d 2019-11-14  |h v.4  |i 2663163  |o 910.4 HUM 1991  |p 2663163  |r 2025-01-20  |w 2019-11-14  |y BK  |k ARQ 
952 |0 0  |1 0  |4 0  |6 910_400000000000000_HUM_1991  |7 0  |8 P  |9 198988  |a BIBARQ  |b BIBARQ  |d 2019-11-14  |h v.5  |i 2663171  |o 910.4 HUM 1991  |p 2663171  |r 2025-01-20  |w 2019-11-14  |y BK  |k ARQ 
952 |0 0  |1 0  |4 0  |6 910_400000000000000_HUM_1991  |7 0  |8 A  |9 198989  |a BIBHIS  |b BIBHIS  |d 2019-11-14  |h v.1  |i 266318K  |l 3  |o 910.4 HUM 1991  |p 266318K  |r 2025-01-20  |s 2024-10-24  |w 2019-11-14  |y BK  |k HIS 
952 |0 0  |1 0  |4 0  |6 910_400000000000000_HUM_1991  |7 0  |8 A  |9 198990  |a BIBHIS  |b BIBHIS  |d 2019-11-14  |h v.2  |i 2663198  |l 1  |o 910.4 HUM 1991  |p 2663198  |r 2025-01-20  |s 2023-06-27  |w 2019-11-14  |y BK  |k HIS 
952 |0 0  |1 0  |4 0  |6 910_400000000000000_HUM_1991  |7 0  |8 A  |9 198991  |a BIBHIS  |b BIBHIS  |d 2019-11-14  |h v.3  |i 2663201  |l 1  |o 910.4 HUM 1991  |p 2663201  |r 2025-01-20  |s 2023-06-27  |w 2019-11-14  |y BK  |k HIS 
952 |0 0  |1 0  |4 0  |6 910_400000000000000_HUM_1991  |7 0  |8 A  |9 198992  |a BIBHIS  |b BIBHIS  |d 2019-11-14  |h v.4  |i 266321K  |l 1  |o 910.4 HUM 1991  |p 266321K  |r 2025-01-20  |s 2023-06-27  |w 2019-11-14  |y BK  |k HIS 
952 |0 0  |1 0  |4 0  |6 910_400000000000000_HUM_1991  |7 0  |8 A  |9 198993  |a BIBHIS  |b BIBHIS  |d 2019-11-14  |h v.5  |i 2663228  |l 1  |o 910.4 HUM 1991  |p 2663228  |r 2025-01-20  |s 2023-06-27  |w 2019-11-14  |y BK  |k HIS